| 000 | 00729nam a2200241Ia 4500 | ||
|---|---|---|---|
| 003 | GCL | ||
| 008 | 140319s9999 xx 000 0 ara d | ||
| 040 |
_aGCL / _cGCL |
||
| 082 | 0 | 4 |
_a210.9 _bح ع |
| 100 | 1 | _aحسين مؤنس | |
| 245 | 1 | 0 |
_aعالم الاسلام / _cحسين مؤنس |
| 260 |
_aالقاهرة : _bالزهراء للاعلام العربى ، _c1989 |
||
| 300 |
_a252 ص ؛ _c24 سم |
||
| 490 | _a | ||
| 650 | 0 | 4 | _aالاسلام |
| 650 | 0 | 4 | _aالسيرة النبوية |
| 650 | 0 | 4 | _aالمجتمع الاسلامي |
| 650 | 0 | 4 | _aالفتوحات الاسلامية |
| 650 | 0 | 4 | _aالديانات |
| 650 | 0 | 4 | _aالفنون |
| 650 | 0 | 4 | _aالتنظيم الاقتصادى |
| 942 |
_2ddc _cBK |
||
| 999 |
_c29259 _d29259 |
||